000 00348nam a22001457a 4500
008 210514b ||||| |||| 00| 0 eng d
020 _a0802818714
041 _aeng
080 _a94
082 _a94
100 _a16
101 _aSHH
245 _aA Documentary History of Religion in America to the Civil War
_cGaustad,E.S
942 _2udc
_cBK
999 _c57305
_d57305